000 00257nam a22000977a 4500
999 _c11744
_d11744
008 200113b ||||| |||| 00| 0 eng d
020 _a9781601152886
100 _aGreene Alice
_97431
245 _aBaby Tiger Wants to Explore
260 _aUSA
_bTreasure Bay
_c2009